مضار و منافع الشاي و القهوة / (رقم التسجيلة. 13574)

تفاصيل مارك
000 -LEADER
fixed length control field 00617nam a22001937a 4500
005 - DATE AND TIME OF LATEST TRANSACTION
control field 20251108164744.0
008 - FIXED-LENGTH DATA ELEMENTS--GENERAL INFORMATION
fixed length control field 250721s1997 xx 000 0 ara d
082 14 - DEWEY DECIMAL CLASSIFICATION NUMBER
Classification number 615.89/طيب
100 1# - MAIN ENTRY--PERSONAL NAME
Personal name الطيبي، عكاشة عبد المنان
245 10 - TITLE STATEMENT
Title مضار و منافع الشاي و القهوة /
264 1# - PRODUCTION, PUBLICATION, DISTRIBUTION, MANUFACTURE, AND COPYRIGHT NOTICE
Place of production, publication, distribution, manufacture بيروت :
Name of producer, publisher, distributor, manufacturer دار إبن زيدون للطباعة و النشر و التوزيع،
Date of production, publication, distribution, manufacture, or copyright notice 1997.
300 ## - PHYSICAL DESCRIPTION
Extent 159ص
650 17 - SUBJECT ADDED ENTRY--TOPICAL TERM
Topical term or geographic name as entry element الطب الشعبي
650 17 - SUBJECT ADDED ENTRY--TOPICAL TERM
Topical term or geographic name as entry element النباتات الطبية
650 17 - SUBJECT ADDED ENTRY--TOPICAL TERM
Topical term or geographic name as entry element الشاي
650 17 - SUBJECT ADDED ENTRY--TOPICAL TERM
Topical term or geographic name as entry element القهوة
942 ## - ADDED ENTRY ELEMENTS (KOHA)
Source of classification or shelving scheme Dewey Decimal Classification
Koha item type كتب
المقتنيات
حالة السحب حالة الفقدان مصدر التصنيف حالة التلف غير قابل للإعارة المكتبة الرئيسية المكتبة الحالية موقع الرف تاريخ التزويد الرقم المتسلسل Total Checkouts رقم الإستدعاء تاريخ آخر ظهور تاريخ الفاتورة نوع المادة (كوها) الباركود
    Dewey Decimal Classification     مكتبة أبو علندا العامة مكتبة أبو علندا العامة الإعارة 06/07/2004 391   615.89/طيب 28/07/2025 06/07/2004 كتب 391
    Dewey Decimal Classification     مكتبة الأميرة ايمان العامة مكتبة الأميرة ايمان العامة الإعارة 27/11/2013 [9879]   615.89/طيب 28/07/2025 27/11/2013 كتب PLD00288272
    Dewey Decimal Classification Unchecked   مكتبة الاميرة بديعة مكتبة الاميرة بديعة الإعارة 06/07/2004 6005   615.89/طيب 28/07/2025 06/07/2004 كتب  
    Dewey Decimal Classification     مكتبة الجويدة مكتبة الجويدة الإعارة 16/05/2015 (5980)   615.89/طيب 28/07/2025 16/05/2015 كتب PLD00324361
    Dewey Decimal Classification Unchecked   مكتبة الحسن العامة مكتبة الحسن العامة الإعارة 06/07/2004 10466   615.89/طيب 28/07/2025 06/07/2004 كتب  
    Dewey Decimal Classification Unchecked   مكتبة النصر العامة مكتبة النصر العامة الإعارة 06/07/2004 8733   615.89/طيب 28/07/2025 06/07/2004 كتب  
    Dewey Decimal Classification     مكتبة حمزة العامة مكتبة حمزة العامة الإعارة 06/07/2004 5622   615.89/طيب 28/07/2025 06/07/2004 كتب DUP-01_5622
    Dewey Decimal Classification     مكتبة صويلح العامة مكتبة صويلح العامة الإعارة 18/06/2019 {12868}   615.89/طيب 28/07/2025 18/06/2019 كتب PLD00454373
    Dewey Decimal Classification     مكتبة وادي السير العامة مكتبة وادي السير العامة الإعارة 04/04/2016 [6851]...   615.89/طيب 28/07/2025 04/04/2016 كتب PLD00384266
Implemented & Customized by: BBB with SCIT (Smart Chains for Information Technology)

Powered by Koha